Crop Insurance Innovation in Slovak Agriculture
Poistenie úrody v slovenskom poľnohospodárstve na CAT dlhopisy ako alternatívy k tradičnému zaisteniu. Všeobecný koncept katastrofického dlhopisu, ktorého výplata je viazaná na výskyt poistnej udalosti v podobe prírodnej katastrofy.
Na minha lista:
| Autor principal: | |
|---|---|
| Outros Autores: | |
| Formato: | Capítulo de Livro |
| Idioma: | eslovaco |
| Assuntos: | |
| Tags: |
Sem tags, seja o primeiro a adicionar uma tag!
|
MARC
| LEADER | 00000nla$a2200000$$$4500 | ||
|---|---|---|---|
| 001 | 0195403 | ||
| 005 | 20240502083455.0 | ||
| 041 | 0 | |a slo | |
| 044 | |a CZ | ||
| 245 | 1 | 0 | |a Crop Insurance Innovation in Slovak Agriculture |c Ľudovít Pinda, Daniel Komadel |
| 520 | |a Poistenie úrody v slovenskom poľnohospodárstve na CAT dlhopisy ako alternatívy k tradičnému zaisteniu. Všeobecný koncept katastrofického dlhopisu, ktorého výplata je viazaná na výskyt poistnej udalosti v podobe prírodnej katastrofy. | ||
| 610 | 2 | 0 | |a matematika finančná |
| 610 | 2 | 0 | |a matematika poistná |
| 610 | 2 | 0 | |a pravdepodobnosť |
| 610 | 2 | 0 | |a metódy aktuárske |
| 610 | 2 | 0 | |a riziko poistné |
| 610 | 2 | 0 | |a poľnohospodárstvo |
| 100 | 1 | |a Pinda, Ľudovít, 1958- | |
| 700 | 1 | |a Komadel, Daniel | |